| 000 | 00898nam a2200229Ia 4500 | ||
|---|---|---|---|
| 999 |
_c46906 _d46906 |
||
| 001 | 13759 | ||
| 003 | GE_BSU | ||
| 005 | 20221024124303.0 | ||
| 008 | 181216s2007||||ge |||||||||||||| ||geo|| | ||
| 020 | _a9789994037346 | ||
| 040 | _cGE_BSU | ||
| 041 | _ageo | ||
| 080 | _a72(520)+821.353.1-94 დ-15 | ||
| 100 |
_aდავითაია, ვახტანგ _915482 |
||
| 245 |
_aიაპონური დღიური / _cვახტანგ დავითაია ; [რედ. მანანა უკლება]. |
||
| 264 |
_aთბილისი : _bშპს იოტა, _c2007. |
||
| 300 |
_a159 გვ.: _bილ.; _c20სმ. |
||
| 653 | _aიაპონური დღიური | ||
| 653 | _aიაპონური არქიტექტურა | ||
| 700 |
_aუკლება, მანანა, რედაქტორი. _96609 |
||
| 942 |
_cBK _2udc |
||